000 00774nam a2200289Ia 4500
008 180803s9999 xx 000 0 und d
020 _a9780545270137
050 _bM662 2008
100 _aMilway, Katie Smith
245 0 _aOne hen :
245 0 _bhow one small loan made a big difference /
245 0 _cby Katie Smith Milway ; illustrated by Eugenie Fernandes.
260 _aBroadway, New York :
260 _bScholastic,
260 _c2008
300 _a32 pages :
300 _bcolored ;
300 _c27cm.
500 _a810
650 _aCommunities --
650 _aFarms.
650 _aPicture books for children.
650 _aSustainable development.
650 _xJuvenile fiction.
700 _aFernandes, Eugenie.
700 _aTitle.
999 _c358300
_d358300